Problems on thermodynamics (Record no. 30170)

000 -LEADER
fixed length control field 00608nam a22002051a 4500
001 - CONTROL NUMBER
control field 30170
003 - CONTROL NUMBER IDENTIFIER
control field BD-DhUET
008 - FIXED-LENGTH DATA ELEMENTS--GENERAL INFORMATION
fixed length control field 831201s1962 nyua 000 0 eng
040 ## - CATALOGING SOURCE
Original cataloging agency DLC
Transcribing agency OCU
Modifying agency Uk
-- BD-DhUET
082 ## - DEWEY DECIMAL CLASSIFICATION NUMBER
Classification number 621.01
Item number FAI/1962
100 ## - MAIN ENTRY--PERSONAL NAME
Personal name Faires, Virgil Moring
245 10 - TITLE STATEMENT
Title Problems on thermodynamics
Statement of responsibility, etc. Virgil Moring Faires, Clifford M. Simmang, Alexander V. Brewer.
250 ## - EDITION STATEMENT
Edition statement 4th ed.
260 ## - PUBLICATION, DISTRIBUTION, ETC. (IMPRINT)
Place of publication, distribution, etc. London
Name of publisher, distributor, etc. Collier-Macmillan
Date of publication, distribution, etc. 1962
300 ## - PHYSICAL DESCRIPTION
Extent viii, 184 p.
Other physical details ill.
Dimensions 24 cm.
650 #0 - SUBJECT ADDED ENTRY--TOPICAL TERM
Topical term or geographic name as entry element Thermodynamics
700 1# - ADDED ENTRY--PERSONAL NAME
Personal name Simmang, Clifford M.
700 1# - ADDED ENTRY--PERSONAL NAME
Personal name Brewer, Alexander V.
942 ## - ADDED ENTRY ELEMENTS (KOHA)
Koha item type General Book
Holdings
Not for loan Koha full call number Copy number Koha date last seen Price effective from Koha normalized classification for sorting Date acquired Koha item type Damaged status Source of classification or shelving scheme Sublocation or collection (holding branch) Shelving location Piece designation (barcode) Location (home branch) Withdrawn status Lost status
 621.01/FAI/196212015-06-212015-06-21621_010000000000000_FAI_19622015-06-21General Book  Central Library, BUETReading section42950Central Library, BUET  
 621.01/FAI/196222015-06-212015-06-21621_010000000000000_FAI_19622015-06-21General Book  Central Library, BUETReading section42949Central Library, BUET  
 621.01/FAI/196232015-06-212015-06-21621_010000000000000_FAI_19622015-06-21General Book  Central Library, BUETReading section42952Central Library, BUET  
 621.01/FAI/196242015-06-212015-06-21621_010000000000000_FAI_19622015-06-21General Book  Central Library, BUETReading section42951Central Library, BUET  
 621.01/FAI/196252015-06-212015-06-21621_010000000000000_FAI_19622015-06-21General Book  Central Library, BUETReading section42953Central Library, BUET  
 621.01/FAI/196262015-06-232015-06-23621_010000000000000_FAI_19622015-06-23Reading Item  Central Library, BUETReading section42948Central Library, BUET